Resident Evil Games - Statistics

General Stats
  • This quiz has been taken 1,551 times
    1,477 since last reset
  • The average score is 18 of 30
Answer Stats
Playable Characters Release Year Game % Correct
Jill Valentine 1999 Resident Evil 3: Nemesis
99%
Chris Redfield & Jill Valentine 1996 Resident Evil
98%
Leon Kennedy & Claire Redfield 1998 Resident Evil 2
98%
Leon Kennedy 2005 Resident Evil 4
97%
Ethan Winters 2021 Resident Evil Village
96%
Chris Redfield & Sheva Alomar 2009 Resident Evil 5
95%
Leon Kennedy, Helena Harper, Chris Redfield, Piers Nivans, Jake Muller, Sherry Birkin, & Ada Wong 2012 Resident Evil 6
95%
Ethan Winters 2017 Resident Evil 7: Biohazard
95%
Rebecca Chambers & Billy Coen 2002 Resident Evil 0
83%
Claire Redfield & Chris Redfield 2000 Resident Evil - Code: Veronica
77%
Leon Kennedy & Claire Redfield 2019 Resident Evil 2 (remake)
76%
Leon Kennedy 2023 Resident Evil 4 (remake)
76%
Jill Valentine 2020 Resident Evil 3 (remake)
75%
Jill Valentine 2012 Resident Evil: Revelations
72%
Claire Redfield, Moira Burton, Barry Burton, & Natalia Korda 2015 Resident Evil: Revelations 2
67%
Chris Redfield & Jill Valentine 2002 Resident Evil (remake)
50%
Rebecca Chambers, Billy Coen, Jill Valentine, Chris Redfield, Carlos Oliveira, & Albert Wesker 2007 Resident Evil: The Umbrella Chronicles
42%
Kevin Ryman, George Hamilton, David King, Alyssa Ashcroft, Mark Wilkins, Jim Chapman, Yoko Suzuki, & Cindy Lennox 2003 Resident Evil Outbreak
40%
Ark Thompson 2000 Resident Evil Survivor
35%
Leon Kennedy, Claire Redfield, Jack Krauser, Steve Burnside, & Chris Redfield 2009 Resident Evil: The Darkside Chronicles
34%
Chris Redfield, Jill Valentine, Leon Kennedy, Claire Redfield, Ada Wong, HUNK, Fat Molded, Hunter Gamma, Jack Baker, Nemesis, & Mr. X 2022 Resident Evil RE:Verse
33%
LUPO, FOUR EYES, BERTHA, SPECTRE, BELTWAY, & VECTOR 2012 Resident Evil: Operation Raccoon City
32%
Kevin Ryman, George Hamilton, David King, Alyssa Ashcroft, Mark Wilkins, Jim Chapman, Yoko Suzuki, & Cindy Lennox 2004 Resident Evil Outbreak: File #2
31%
Samuel Jordan, Valerie Harmon, Tyrone Henry, January Van Sant, Martin Sandwich, Becca Woolett, Jill Valentine, Daniel Fabron, Annette Birkin, Alex Wesker, Oswell Spencer, & Nikolai Zinoviev 2020 Resident Evil: Resistance
28%
Bruce McGivern 2003 Resident Evil: Dead Aim
27%
Barry Burton 2001 Resident Evil Gaiden
27%
3A7 2016 Umbrella Corps
26%
Claire Redfield & Steve Burnside 2001 Resident Evil Survivor 2 - Code: Veronica
24%
Chris Redfield, Jill Valentine, Rebecca Chambers, Claire Redfield, HUNK, Barry Burton, Jack Krauser, & Albert Wesker 2011 Resident Evil: The Mercenaries 3D
19%
Chris Redfield & Jill Valentine 2006 Resident Evil: Deadly Silence
16%
No matching quizzes found
Score Distribution
Percent of People with Each Score
Percentile by Number Answered
Your Score History
You have not taken this quiz since the last reset